| 000 | 00986nam a22002415i 4500 | ||
|---|---|---|---|
| 001 | 157677 | ||
| 003 | ES-MaACL | ||
| 005 | 20230906210815.0 | ||
| 008 | 940202s1896 sp |||| | lat d | ||
| 040 |
_aCYL _bspa |
||
| 130 | 0 |
_aLex Romana Visigothorum. _9135329 |
|
| 245 | 1 | 0 |
_aLegis Romanae Wisigothorum fragmenta ex Codice Palimpsesto Sanctae legionensis ecclesiae / _cprotulit illustravit ac sumptu publico edidit Regia Historiae Academia Hispana. |
| 260 |
_aMatriti : _bapud Ricardum Fe, Regiae Academiae Typographum, _c1896. |
||
| 300 |
_a[6], XXVII, 439 p. ; _c37 cm. |
||
| 595 | 1 | _aFacsimil del codex palimpseto en las p. del verso, y la interpretación en las del recto. | |
| 597 | 1 | _aAntep. a dos tintas. | |
| 597 | 1 | _aPort. a dos tintas. | |
| 597 | 1 | _aSignaturizado. | |
| 650 | 4 |
_aVisigodos- _xDerecho y legislación. _9136991 |
|
| 710 | 2 |
_aReal Academia de la Historia (España) _96309 |
|
| 752 |
_aEspaña - _dMadrid |
||
| 852 |
_aES-MaACL _jB-65 _z-- Enc. pasta |
||
| 999 |
_c157677 _d157677 |
||